[Event "La Paz Adalp op"]
[Site "La Paz"]
[Date "2020.02.08"]
[Round "2"]
[White "Medrano, Mario"]
[Black "Delgadillo, Adonai"]
[Result "0-1"]
[WhiteElo "2030"]
[BlackElo "2252"]
[PlyCount "46"]
[EventDate "2020.02.07"]
[EventType "swiss"]
[EventRounds "9"]
[EventCountry "BOL"]
[SourceTitle "CBM 195 Extra"]
[Source "ChessBase"]
[SourceDate "2020.05.31"]
[SourceVersion "1"]
[SourceVersionDate "2020.05.31"]
[SourceQuality "1"]

1. d4 Nf6 2. c4 g6 3. g3 Bg7 4. Bg2 d6 5. Nf3 0-0 6. 0-0 Nbd7 7. Nc3 c6 8. e4 e5 9. h3 Qb6 10. dxe5 Nxe5 11. Nxe5 dxe5 12. Qc2 Be6 13. b3 Rfd8 14. Be3 Qa5 15. a3 b5 16. b4 Qc7 17. cxb5 cxb5 18. Bc5 Qb7 19. Rfd1 Bf8 20. Nd5 Nxd5 21. exd5 Bxd5 22. Rxd5 Rxd5 23. Rd1 Rxd1+ 0-1

[Event "American Continental 15th"]
[Site "Sao Paulo"]
[Date "2019.07.10"]
[Round "8"]
[White "Araujo, Jose Roberto"]
[Black "Medrano, Mario"]
[Result "0-1"]
[WhiteElo "2079"]
[BlackElo "1960"]
[PlyCount "106"]
[EventDate "2019.07.05"]
[EventType "swiss"]
[EventRounds "11"]
[EventCountry "BRA"]
[SourceTitle "CBM 191 Extra"]
[Source "ChessBase"]
[SourceDate "2019.09.30"]
[SourceVersion "1"]
[SourceVersionDate "2019.09.30"]
[SourceQuality "1"]

1. e4 e6 2. d3 d5 3. Nd2 Nf6 4. Ngf3 dxe4 5. dxe4 Bc5 6. Bc4 Nc6 7. 0-0 e5 8. Qe2 Qe7 9. Nb3 Bb6 10. a4 a6 11. a5 Ba7 12. Be3 0-0 13. Bxa7 Nxa7 14. h3 Nc6 15. Qe3 h6 16. Kh2 Nd4 17. Nbxd4 exd4 18. Qxd4 Qxe4 19. Rae1 Qxd4 20. Nxd4 Re8 21. Rxe8+ Nxe8 22. Re1 Nd6 23. Bd5 Kf8 24. b4 Bd7 25. f4 Bb5 26. Nxb5 axb5 27. Kg3 c6 28. Bf3 Rd8 29. Kf2 Nf5 30. Ra1 Rd2+ 31. Kg1 Nd4 32. Be4 Nxc2 33. Rc1 Nd4 34. Ra1 f5 35. Bf3 Nxf3+ 36. gxf3 Rb2 37. a6 bxa6 38. Rxa6 Rxb4 39. Rxc6 Rxf4 40. Kg2 Rc4 41. Rb6 b4 42. Kg3 Ke7 43. h4 h5 44. Rg6 f4+ 45. Kh3 b3 46. Rxg7+ Kd6 47. Rb7 Rc3 48. Kg2 Kc5 49. Rf7 Rc4 50. Rc7+ Kd4 51. Rb7 Kc3 52. Kf2 b2 53. Ke2 Rb4 0-1

[Event "American Continental 15th"]
[Site "Sao Paulo"]
[Date "2019.07.07"]
[Round "4"]
[White "Do Valle Cardoso, Lucas"]
[Black "Medrano, Mario"]
[Result "1-0"]
[WhiteElo "2132"]
[BlackElo "1960"]
[PlyCount "39"]
[EventDate "2019.07.05"]
[EventType "swiss"]
[EventRounds "11"]
[EventCountry "BRA"]
[SourceTitle "CBM 191 Extra"]
[Source "ChessBase"]
[SourceDate "2019.09.30"]
[SourceVersion "1"]
[SourceVersionDate "2019.09.30"]
[SourceQuality "1"]

1. e4 e6 2. d4 d5 3. Nc3 dxe4 4. Nxe4 Bd7 5. Nf3 Bc6 6. Bd3 Nd7 7. Qe2 Ngf6 8. Nxf6+ Qxf6 9. Bg5 Bxf3 10. Qe3 Bxg2 11. Bxf6 Bxh1 12. Bh4 Bc6 13. c4 Nb6 14. f4 Bb4+ 15. Kf1 0-0 16. c5 Nd5 17. Qf2 b6 18. a3 Bxc5 19. dxc5 bxc5 20. Bc4 1-0

[Event "La Paz Clasification op 1st"]
[Site "La Paz"]
[Date "2018.02.02"]
[Round "4"]
[White "Medrano, Mario"]
[Black "Saavedra, Carlos"]
[Result "1-0"]
[WhiteElo "2063"]
[BlackElo "2112"]
[PlyCount "83"]
[EventDate "2018.02.01"]
[EventType "swiss"]
[EventRounds "8"]
[EventCountry "BOL"]
[SourceTitle "CBM 182 Extra"]
[Source "ChessBase"]
[SourceDate "2018.02.23"]
[SourceVersion "1"]
[SourceVersionDate "2018.02.23"]
[SourceQuality "1"]

1. d4 Nf6 2. Nf3 g6 3. b3 Bg7 4. Bb2 c5 5. d5 0-0 6. g3 Qa5+ 7. Bc3 Qc7 8. Bg2 e6 9. dxe6 dxe6 10. 0-0 Rd8 11. Qc1 Nc6 12. Rd1 Rxd1+ 13. Qxd1 Nd5 14. Bxg7 Kxg7 15. c4 Nde7 16. Qc1 Rb8 17. Qb2+ Kg8 18. Qf6 Nf5 19. g4 Qe7 20. Qb2 Ncd4 21. Nxd4 Nxd4 22. e3 Nc6 23. Bxc6 bxc6 24. Qe5 Rb7 25. g5 Qf8 26. Nc3 Qg7 27. f4 h6 28. Rd1 Rd7 29. Rxd7 Bxd7 30. Ne4 Qxe5 31. fxe5 Kg7 32. h4 hxg5 33. hxg5 Kf8 34. Nxc5 Ke7 35. Kf1 Kd8 36. Ke2 Bc8 37. Ne4 Bd7 38. Kd3 Ke7 39. Kd4 Kd8 40. Kc5 Kc7 41. Nd6 a5 42. e4 1-0

[Event "La Paz Fundacion op"]
[Site "La Paz"]
[Date "2017.10.21"]
[Round "3"]
[White "Medrano, Mario"]
[Black "Quisbert Quispe, Leonidas Kalel"]
[Result "1-0"]
[WhiteElo "2076"]
[BlackElo "1066"]
[PlyCount "55"]
[EventDate "2017.10.21"]
[EventType "swiss"]
[EventRounds "6"]
[EventCountry "BOL"]
[SourceTitle "CBM 181 Extra"]
[Source "ChessBase"]
[SourceDate "2017.12.12"]
[SourceVersion "1"]
[SourceVersionDate "2017.12.12"]
[SourceQuality "1"]

1. e4 e5 2. Nf3 Nc6 3. Bb5 Bc5 4. c3 Nf6 5. 0-0 d6 6. d4 exd4 7. cxd4 0-0 8. dxc5 Bg4 9. cxd6 Ne5 10. Be2 Nxe4 11. Nxe5 Bxe2 12. Qxe2 Nxd6 13. Nf3 Re8 14. Qc2 Rc8 15. Nc3 Qf6 16. b3 c5 17. Bb2 Qh6 18. Rfe1 Red8 19. Nd5 Nb5 20. Ne7+ Kh8 21. Nf5 Qb6 22. Bxg7+ Kg8 23. Qb2 f6 24. Re7 h5 25. Nh6+ Kh7 26. Qb1+ f5 27. Qxf5+ Qg6 28. Ng5# 1-0

[Event "Antofagasta Zicosur op 2nd"]
[Site "Antofagasta"]
[Date "2016.01.09"]
[Round "8"]
[White "Pineda Polanco, Adolfo"]
[Black "Medrano, Mario"]
[Result "1-0"]
[WhiteElo "2248"]
[BlackElo "2084"]
[PlyCount "67"]
[EventDate "2016.01.05"]
[EventType "swiss"]
[EventRounds "9"]
[EventCountry "CHI"]
[SourceTitle "CBM 170 Extra"]
[Source "ChessBase"]
[SourceDate "2016.02.25"]
[SourceVersion "1"]
[SourceVersionDate "2016.02.25"]
[SourceQuality "1"]

1. e4 c5 2. Nf3 d6 3. d4 cxd4 4. Nxd4 Nf6 5. Nc3 a6 6. h3 h5 7. g3 e5 8. Nde2 Be7 9. Bg2 Qc7 10. a4 Nbd7 11. 0-0 Rb8 12. Be3 b6 13. Qd2 Bb7 14. Nd5 Nxd5 15. exd5 f5 16. c4 0-0 17. Rac1 Qd8 18. b4 Bf6 19. a5 Ba8 20. axb6 Nxb6 21. Rfd1 g5 22. f4 gxf4 23. gxf4 e4 24. Nd4 Bxd4 25. Bxd4 Kh7 26. c5 Nxd5 27. c6 Qc7 28. Ba1 Nxb4 29. Rc4 Nxc6 30. Rxe4 Rg8 31. Qe2 Qf7 32. Rxd6 Rbd8 33. Rf6 Qxf6 34. Bxf6 1-0

[Event "Antofagasta Zicosur op 2nd"]
[Site "Antofagasta"]
[Date "2016.01.07"]
[Round "4"]
[White "Escalante Ramirez, Brian Sebastian"]
[Black "Medrano, Mario"]
[Result "1-0"]
[WhiteElo "2331"]
[BlackElo "2084"]
[PlyCount "69"]
[EventDate "2016.01.05"]
[EventType "swiss"]
[EventRounds "9"]
[EventCountry "CHI"]
[SourceTitle "CBM 170 Extra"]
[Source "ChessBase"]
[SourceDate "2016.02.25"]
[SourceVersion "1"]
[SourceVersionDate "2016.02.25"]
[SourceQuality "1"]

1. e4 c5 2. Nf3 d6 3. d4 cxd4 4. Nxd4 Nf6 5. Nc3 a6 6. Be3 e5 7. Nf3 Qc7 8. a4 Be6 9. Ng5 Bd7 10. a5 h6 11. Bb6 Qc6 12. Nf3 Be6 13. Nxe5 Qc8 14. Nd3 Nbd7 15. Nf4 Nxb6 16. axb6 Be7 17. Nxe6 Qxe6 18. Bb5+ Kf8 19. 0-0 Rc8 20. Ba4 Bd8 21. Nd5 Nxd5 22. exd5 Qf6 23. Qg4 Rb8 24. Rae1 g6 25. Re3 Bxb6 26. Rf3 Qg5 27. Qe6 Qe7 28. Qxg6 Bd4 29. c3 Rg8 30. Qxh6+ Bg7 31. Qh5 b5 32. Bc2 b4 33. Bg6 Bf6 34. Bxf7 Rg5 35. Qh6+ 1-0

[Event "BOL-ch"]
[Site "Cobija"]
[Date "2015.07.25"]
[Round "8"]
[White "Medrano, Mario"]
[Black "Parraga, Alejandro"]
[Result "1-0"]
[WhiteElo "2067"]
[BlackElo "2185"]
[PlyCount "63"]
[EventDate "2015.07.21"]
[EventType "tourn"]
[EventRounds "9"]
[EventCountry "BOL"]
[SourceTitle "CBM 167 Extra"]
[Source "ChessBase"]
[SourceDate "2015.09.14"]
[SourceVersion "1"]
[SourceVersionDate "2015.09.14"]
[SourceQuality "1"]

1. e4 c5 2. Nf3 e6 3. d4 cxd4 4. Nxd4 a6 5. c4 Nf6 6. Nc3 Bb4 7. f3 Qc7 8. Be2 Nc6 9. Nxc6 dxc6 10. Be3 0-0 11. 0-0 e5 12. Qc2 Be6 13. c5 Qe7 14. Na4 Ba5 15. Rfd1 Rfd8 16. a3 Nd7 17. b4 Bc7 18. Rab1 Nf8 19. Nb6 Bxb6 20. cxb6 f6 21. Bc5 Qf7 22. Bd6 Rd7 23. Bxf8 Kxf8 24. Rxd7 Qxd7 25. Rd1 Qe7 26. Qc5 a5 27. Rd6 axb4 28. axb4 Ke8 29. b5 Ra1+ 30. Kf2 cxb5 31. Rxe6 Qxe6 32. Bxb5+ 1-0

[Event "BOL-ch"]
[Site "Cobija"]
[Date "2015.07.23"]
[Round "4"]
[White "Aguilar, Luis Miguel"]
[Black "Medrano, Mario"]
[Result "1/2-1/2"]
[WhiteElo "2060"]
[BlackElo "2067"]
[PlyCount "137"]
[EventDate "2015.07.21"]
[EventType "tourn"]
[EventRounds "9"]
[EventCountry "BOL"]
[SourceTitle "CBM 167 Extra"]
[Source "ChessBase"]
[SourceDate "2015.09.14"]
[SourceVersion "1"]
[SourceVersionDate "2015.09.14"]
[SourceQuality "1"]

1. g3 d5 2. Bg2 Nf6 3. c4 e5 4. cxd5 Nxd5 5. Nc3 Nxc3 6. bxc3 c6 7. Nf3 Bd6 8. 0-0 0-0 9. d4 Nd7 10. Qc2 Re8 11. Rd1 Qc7 12. Bb2 h6 13. e3 e4 14. Nd2 f5 15. c4 Nf6 16. Nb3 Bf8 17. Rac1 Qf7 18. d5 cxd5 19. Bxf6 Qxf6 20. cxd5 Bd6 21. Nd4 Bd7 22. Qb3 Rab8 23. Bf1 a6 24. Rd2 Kh8 25. Qd1 Re7 26. Nc6 Bxc6 27. dxc6 Bc7 28. cxb7 Rxb7 29. Rdc2 a5 30. Qd5 Ra7 31. Rc6 Qe5 32. Qxe5 Bxe5 33. Bh3 Rf7 34. R1c5 Rae7 35. Rxa5 Kh7 36. Rcc5 Bc7 37. Ra7 g6 38. a4 Bd6 39. Rxe7 Rxe7 40. Rd5 Bb4 41. Bf1 Ra7 42. Bb5 Kg7 43. Rd4 Ba3 44. h4 Kf6 45. Kg2 Ke6 46. Rd8 Kf6 47. Rc8 Bd6 48. Rh8 Bc7 49. Rf8+ Kg7 50. Rc8 Kf6 51. Kf1 Bd6 52. Rc6 Ke7 53. Ke2 g5 54. hxg5 hxg5 55. Rc8 Rc7 56. Re8+ Kf7 57. Rd8 Bb4 58. Rd7+ Rxd7 59. Bxd7 Kf6 60. g4 f4 61. f3 exf3+ 62. Kxf3 fxe3 63. Kxe3 Ke5 64. Bc6 Kd6 65. Bf3 Kc7 66. Kd4 Kb8 67. Kc4 Bd2 68. Kb5 Ka7 69. a5 1/2-1/2

[Event "BOL-ch"]
[Site "Cobija"]
[Date "2015.07.21"]
[Round "1"]
[White "Medrano, Mario"]
[Black "Pinto, Daniel"]
[Result "0-1"]
[WhiteElo "2067"]
[BlackElo "2114"]
[PlyCount "54"]
[EventDate "2015.07.21"]
[EventType "tourn"]
[EventRounds "9"]
[EventCountry "BOL"]
[SourceTitle "CBM 167 Extra"]
[Source "ChessBase"]
[SourceDate "2015.09.14"]
[SourceVersion "1"]
[SourceVersionDate "2015.09.14"]
[SourceQuality "1"]

1. e4 c6 2. d4 d5 3. Nd2 dxe4 4. Nxe4 Bf5 5. Ng3 Bg6 6. Nf3 Nd7 7. h4 h6 8. h5 Bh7 9. Bd3 Bxd3 10. Qxd3 Ngf6 11. Bd2 e6 12. 0-0-0 Be7 13. Qe2 0-0 14. Ne5 Qc7 15. Rhe1 b5 16. Ne4 Nd5 17. Nd3 b4 18. g4 Rab8 19. Ndc5 Nxc5 20. Nxc5 Bxc5 21. dxc5 Qa5 22. Qc4 Rb5 23. a3 Rfb8 24. Re4 Rxc5 25. Qb3 Rcb5 26. Bxb4 Nxb4 27. Rxb4 Rxb4 0-1